000 00282nam a22001217a 4500
008 180222b xxu||||| |||| 00| 0 eng d
041 _aeng
080 _a616
100 _a3
101 _aSHM
245 _aINSOMNIA A GUIDE FOR MEDICAL PRACTITIONERS
_cMARKS.J
942 _2udc
_cBK
999 _c43195
_d43195